| 000 | 01132nam a2200229Ii 4500 | ||
|---|---|---|---|
| 003 | JO-AjNU | ||
| 005 | 20240623124834.0 | ||
| 008 | 230605s9999||||xx |||||||||||||| ||und|| | ||
| 040 |
_aJO-AjNU _bara _erda _cJO-AjNU |
||
| 041 | _aara | ||
| 050 | 1 | 4 | _aKBP567.K455 2016 |
| 100 | 3 |
_aاعداد الخالدي، نعمة خلف سليمان؛ اشراف خلوق ضيف الله آغا, _eauthor _957829 |
|
| 245 | 0 | 0 | _aالاعفاءات المالية في الاحوال الشخصية والعقوبات-دراسة مقارنة-=Financial Exemptions in Personal Status and Punishments A comparative jurisprudence study |
| 260 | _c2016 | ||
| 300 | _a187ورقة | ||
| 336 |
_atext _btxt _2rdacontent |
||
| 337 |
_aunmediated _bn _2rdamedia |
||
| 338 |
_avolume _bnc _2rdacarrier |
||
| 500 | _aرسالة جامعية (دكتوراة في تخصص الفقه واصوله)--جامعة العلوم الاسلامية العالمية، كلية الدراسات العليا، عمان)، 2016، يشتمل على ببلوغرافيا | ||
| 650 | 4 |
_aالاحوال تالشخصية - فقه اسلامي _957830 |
|
| 942 |
_2lcc _cTHS |
||
| 999 |
_c29506 _d29506 |
||